[Event "Frankfurt Ch 2012"]
[Site "Ffm-Kalbach, LAZ"]
[Date "2012.05.14"]
[Round "3.1"]
[White "Khenkin, Igor"]
[Black "Prenzler, Daniel"]
[Result "1-0"]
[WhiteElo "2675"]
[BlackElo "2154"]
[PlyCount "61"]
[EventDate "2012.??.??"]
[WhiteTeam "Wiesbadener SV 1885"]
[BlackTeam "SC 1961 König Nied"]

1. d4 Nf6 2. c4 c5 3. d5 b5 4. cxb5 a6 5. bxa6 g6 6. Nc3 Bxa6 7. Nf3 d6 8. g3
Bg7 9. Bg2 Nbd7 10. Rb1 Nb6 11. b3 Bc8 12. Nh4 h6 13. Qc2 Qd7 14. Bb2 g5 15.
Nf3 Qf5 16. e4 Qg6 17. O-O O-O 18. Qd2 Ba6 19. Rfe1 Rfb8 20. e5 Ng4 21. Ne4 Rd8
22. h3 Nxe5 23. Nxe5 dxe5 24. Nxc5 Qd6 25. Nxa6 Rxa6 26. a4 Nxd5 27. Qe2 Rb6
28. Bxe5 Bxe5 29. Qxe5 Qxe5 30. Rxe5 Nc3 31. a5 1-0

[Event "Frankfurt Ch 2012"]
[Site "Ffm-Kalbach, LAZ"]
[Date "2012.05.14"]
[Round "3.2"]
[White "Chandler, Patrick"]
[Black "Telljohann, Sven"]
[Result "0-1"]
[WhiteElo "2143"]
[BlackElo "2391"]
[PlyCount "58"]
[EventDate "2012.??.??"]
[WhiteTeam "Sfr. Neuberg"]
[BlackTeam "Sfr. Schöneck"]

1. e4 c5 2. Nf3 Nc6 3. Nc3 g6 4. d4 cxd4 5. Nxd4 Bg7 6. Be3 Nf6 7. Nb3 d6 8.
Be2 Be6 9. f4 a6 10. g4 b5 11. Nd4 Nxd4 12. Bxd4 b4 13. Nd5 Bxd5 14. exd5 O-O
15. Bf3 Rc8 16. O-O Qc7 17. Rf2 Qb7 18. a3 Rc4 19. c3 bxc3 20. bxc3 Nd7 21. Rb1
Qc7 22. Be2 Bxd4 23. cxd4 Rc3 24. Rf3 Nf6 25. Rxc3 Qxc3 26. Rb3 Qa5 27. Bf3 Rc8
28. Kg2 Nxd5 29. Kg3 Rc3 0-1

[Event "Frankfurt Ch 2012"]
[Site "Ffm-Kalbach, LAZ"]
[Date "2012.05.14"]
[Round "3.3"]
[White "Zude, Erik"]
[Black "Meyer, Kai-Christian"]
[Result "1-0"]
[WhiteElo "2340"]
[BlackElo "2139"]
[PlyCount "91"]
[EventDate "2012.??.??"]
[WhiteTeam "SV 1920 Hofheim"]
[BlackTeam "Sfr. Schöneck"]

1. c4 c6 2. g3 Nf6 3. Nf3 d5 4. Bg2 dxc4 5. O-O g6 6. Na3 Bg7 7. Nxc4 Be6 8. b3
h6 9. d4 O-O 10. Bd2 Nbd7 11. Qc1 Kh7 12. Rd1 Bd5 13. Qa3 Ne4 14. Be1 Nb6 15.
Na5 Nd6 16. Qc1 Qc7 17. Qc2 Be4 18. Qd2 Rad8 19. e3 Rfe8 20. Qe2 Nd7 21. Rac1
e5 22. d5 c5 23. b4 Qb6 24. a3 f5 25. Qa2 Rc8 26. Nd2 Bxg2 27. Ndc4 Nxc4 28.
Nxc4 Qf6 29. Kxg2 b5 30. Nd2 c4 31. Nf3 g5 32. Bc3 g4 33. Ng1 Qd6 34. a4 a6 35.
Ra1 Rb8 36. axb5 axb5 37. Qc2 Rf8 38. Ra7 Kh8 39. f4 Ra8 40. Rxa8 Rxa8 41. Qxf5
Ra2+ 42. Kh1 Nf6 43. fxe5 Qd7 44. e6 Qd8 45. e4 Kg8 46. Rf1 1-0

[Event "Frankfurt Ch 2012"]
[Site "Ffm-Kalbach, LAZ"]
[Date "2012.05.14"]
[Round "3.4"]
[White "Rondonuwu, Grover"]
[Black "Reschke, Stefan"]
[Result "0-1"]
[WhiteElo "2042"]
[BlackElo "2329"]
[PlyCount "68"]
[EventDate "2012.??.??"]
[WhiteTeam "Sabt Frankfurter TV 1860"]
[BlackTeam "VSG 1880 Offenbach"]

1. e4 g6 2. d4 c6 3. Nc3 d5 4. f3 Bg7 5. Be3 Qa5 6. Qd2 dxe4 7. fxe4 Nf6 8. h3
Nbd7 9. Nf3 O-O 10. g4 e5 11. O-O-O exd4 12. Bxd4 b5 13. g5 b4 14. gxf6 bxc3
15. Bxc3 Qxa2 16. Qf4 Bh8 17. b3 Qa3+ 18. Bb2 Qc5 19. Rxd7 Bxd7 20. Qh6 Qf2 21.
Be2 Qxe2 22. Ng5 Qh5 23. Qxh5 gxh5 24. e5 h6 25. Ne4 Kh7 26. Ba3 Rg8 27. Bd6
Rg2 28. Rf1 Bxh3 29. Rf3 Rg1+ 30. Kb2 Bg2 31. Re3 Bxe4 32. Rxe4 Kg6 33. Kc3
Rg3+ 34. Kc4 Rg4 0-1

[Event "Frankfurt Ch 2012"]
[Site "Ffm-Kalbach, LAZ"]
[Date "2012.05.14"]
[Round "3.5"]
[White "Krzesinski, Paul"]
[Black "Isserman, Ryhor"]
[Result "0-1"]
[WhiteElo "1997"]
[BlackElo "2274"]
[PlyCount "111"]
[EventDate "2012.??.??"]
[WhiteTeam "Sabt Frankfurter TV 1860"]
[BlackTeam "SK Bad Homburg 1927"]

1. e4 c5 2. Nf3 Nc6 3. d4 cxd4 4. Nxd4 Nf6 5. Nc3 d6 6. Bc4 e6 7. Be3 a6 8. a4
Qc7 9. Ba2 Be7 10. f4 O-O 11. O-O Bd7 12. f5 Nxd4 13. Bxd4 b5 14. axb5 axb5 15.
Qd3 Rab8 16. Bb3 b4 17. Ne2 e5 18. Bf2 Bb5 19. Qf3 d5 20. Ra7 dxe4 21. Rxc7
exf3 22. Rxe7 fxe2 23. Re1 e4 24. Bc5 Bd7 25. g4 Rb5 26. Bd4 Bc6 27. Bc4 Rb7
28. Rxb7 Bxb7 29. Rxe2 Nxg4 30. Rg2 h5 31. h3 Rd8 32. c3 Rxd4 33. cxd4 Ne3 34.
Bb3 Nxg2 35. Kxg2 e3+ 36. d5 Ba6 37. Kf3 e2 38. Kf2 Kf8 39. d6 Bb5 40. h4 Ke8
41. Bd5 Bd3 42. Bc6+ Kd8 43. Ke1 Bxf5 44. Kxe2 f6 45. Ke3 g5 46. Kd4 gxh4 47.
Ke3 h3 48. Kd4 Bd7 49. Be4 Bb5 50. Ke3 h2 51. Kf2 Kd7 52. Kg3 Kxd6 53. Kxh2 Ke5
54. Bb7 Kd4 55. Bf3 Be8 56. Kg3 0-1

[Event "Frankfurt Ch 2012"]
[Site "Ffm-Kalbach, LAZ"]
[Date "2012.05.14"]
[Round "3.6"]
[White "Kayser, Felix"]
[Black "Holvason, Juri"]
[Result "0-1"]
[WhiteElo "2251"]
[BlackElo "2125"]
[PlyCount "98"]
[EventDate "2012.??.??"]
[WhiteTeam "Wiesbadener SV 1885"]
[BlackTeam "SC Brett vor'm Kopp Ffm"]

1. e4 c5 2. Nc3 a6 3. a4 Nc6 4. f4 g6 5. Nf3 Bg7 6. Bc4 d6 7. d3 e6 8. O-O Nge7
9. Qe1 O-O 10. f5 exf5 11. Qh4 Qc7 12. Bh6 Ne5 13. Ng5 Bf6 14. Bxf8 Bxg5 15.
Qxg5 Kxf8 16. exf5 Bxf5 17. g4 Nxg4 18. Nd5 Nxd5 19. Bxd5 h6 20. Qf4 Kg7 21.
Rae1 Nf6 22. Be4 Nh5 23. Qd2 Bh3 24. Qc3+ Kg8 25. Rf3 Qd7 26. Kh1 d5 27. Rxh3
Qxh3 28. Bxd5 Rd8 29. Qe5 Qd7 30. c4 Ng7 31. Qf6 Kh7 32. Re7 Qxa4 33. Qxf7 Qd1+
34. Kg2 Qg4+ 35. Kf2 Qd4+ 36. Kg3 Qxd3+ 37. Kh4 Qd4+ 38. Be4 Rd6 39. b3 b5 40.
Kg4 Qg1+ 41. Kh3 Qe3+ 42. Bf3 Qc3 43. Qf8 Rd3 44. Kg3 Qd4 45. Qf7 h5 46. cxb5
Qg1+ 47. Kf4 Qxh2+ 48. Ke4 Rd4+ 49. Ke3 Qd2# 0-1

[Event "Frankfurt Ch 2012"]
[Site "Ffm-Kalbach, LAZ"]
[Date "2012.05.14"]
[Round "3.7"]
[White "Stockmann, Michael"]
[Black "Calvi, Stefan"]
[Result "1-0"]
[WhiteElo "2235"]
[BlackElo "2005"]
[PlyCount "87"]
[EventDate "2012.??.??"]
[WhiteTeam "Sfr. Schöneck"]
[BlackTeam "Sfr. Frankfurt 1921"]

1. d4 Nf6 2. Nf3 g6 3. g3 Bg7 4. Bg2 O-O 5. O-O d6 6. b3 Nbd7 7. Bb2 Re8 8. Re1
Ne4 9. c4 c6 10. Qc2 f5 11. Nfd2 Nxd2 12. Nxd2 e5 13. dxe5 dxe5 14. c5 Qe7 15.
b4 a5 16. a3 axb4 17. axb4 Rxa1 18. Rxa1 e4 19. Nc4 Nf6 20. Nd6 Rf8 21. Ra7 Nd5
22. b5 Qc7 23. Bxg7 Kxg7 24. Qb2+ Kh6 25. f3 Nf6 26. Qe5 Ne8 27. b6 Qd7 28.
Nxc8 Qxc8 29. Qe7 Nf6 30. Rxb7 Qd8 31. Qxd8 Rxd8 32. fxe4 Rd1+ 33. Kf2 Ng4+ 34.
Kf3 Nxh2+ 35. Kf4 Rc1 36. exf5 Rxc5 37. fxg6 hxg6 38. Rc7 Rc4+ 39. Ke5 Ng4+ 40.
Kd6 Ne3 41. Bxc6 Nf5+ 42. Kd5 Ne3+ 43. Ke6 Rb4 44. b7 1-0

[Event "Frankfurt Ch 2012"]
[Site "Ffm-Kalbach, LAZ"]
[Date "2012.05.14"]
[Round "3.8"]
[White "Brüggemann, Ludger"]
[Black "Marzahn, Heiko"]
[Result "1/2-1/2"]
[WhiteElo "2190"]
[BlackElo "2000"]
[PlyCount "38"]
[EventDate "2012.??.??"]
[WhiteTeam "Sabt Frankfurter TV 1860"]
[BlackTeam "Sfr.Erbach"]

1. e4 d5 2. exd5 Nf6 3. d4 Nxd5 4. Nf3 Bg4 5. Be2 Nc6 6. O-O e6 7. c4 Nb6 8.
Be3 Bxf3 9. Bxf3 Nxc4 10. Bxc6+ bxc6 11. Qa4 Nb6 12. Qxc6+ Qd7 13. Qxd7+ Kxd7
14. Nc3 Bd6 15. Bg5 a5 16. Rac1 a4 17. Rfd1 Rhb8 18. Rc2 Ra5 19. Bc1 h6 1/2-1/2

[Event "Frankfurt Ch 2012"]
[Site "Ffm-Kalbach, LAZ"]
[Date "2012.05.14"]
[Round "3.9"]
[White "Richter, Tobias"]
[Black "Uwira, Oliver"]
[Result "0-1"]
[WhiteElo "1992"]
[BlackElo "2172"]
[PlyCount "58"]
[EventDate "2012.??.??"]
[WhiteTeam "SV Merseburg e. V."]
[BlackTeam "SC 1961 König Nied"]

1. e4 e5 2. Nf3 Nc6 3. Bc4 Bc5 4. c3 Nf6 5. d4 exd4 6. cxd4 Bb4+ 7. Bd2 Bxd2+
8. Nbxd2 d5 9. exd5 Nxd5 10. Qb3 Nce7 11. O-O O-O 12. Rfe1 c6 13. Ne4 Qb6 14.
Qa3 h6 15. Nd6 Be6 16. Rad1 Rad8 17. Ne5 Nf5 18. Nxf5 Bxf5 19. Qf3 Bh7 20. Qg4
Qxb2 21. Nd7 f5 22. Qf3 Rxd7 23. Qe3 f4 24. Qe6+ Rdf7 25. Re2 Qc3 26. Bxd5 cxd5
27. Qxd5 Qc6 28. Qb3 f3 29. d5 Qg6 0-1

[Event "Frankfurt Ch 2012"]
[Site "Ffm-Kalbach, LAZ"]
[Date "2012.05.14"]
[Round "3.10"]
[White "Rennhack, Peer"]
[Black "Koch, Markus"]
[Result "0-1"]
[WhiteElo "1820"]
[BlackElo "2154"]
[PlyCount "60"]
[EventDate "2012.??.??"]
[WhiteTeam "Sabt Frankfurter TV 1860"]
[BlackTeam "SC Brett vor'm Kopp Ffm"]

1. e4 c5 2. c3 d5 3. exd5 Qxd5 4. d4 e6 5. Nf3 Nf6 6. Bd3 Be7 7. O-O O-O 8. c4
Qd8 9. dxc5 Na6 10. c6 Nb4 11. cxb7 Bxb7 12. Be2 Qc7 13. a3 Rfd8 14. Qb3 Ng4
15. g3 Na6 16. Nc3 Nc5 17. Qc2 Qc6 18. Bf4 Rd3 19. Nd5 exd5 20. Bxd3 Nxd3 21.
Qxd3 dxc4 22. Qe2 Qxf3 23. Qxf3 Bxf3 24. h3 Nf6 25. Rfe1 Kf8 26. Re3 Bd5 27.
Rd1 Be6 28. Kg2 Nd5 29. Re5 Rd8 30. Rd2 Nxf4+ 0-1

[Event "Frankfurt Ch 2012"]
[Site "Ffm-Kalbach, LAZ"]
[Date "2012.05.14"]
[Round "3.11"]
[White "Gohil, Harry"]
[Black "Orlinski, Wolfgang"]
[Result "1-0"]
[WhiteElo "2298"]
[BlackElo "1985"]
[PlyCount "79"]
[EventDate "2012.??.??"]
[WhiteTeam "TSV Schott Mainz"]
[BlackTeam "Sfr. Frankfurt 1921"]

1. d4 g6 2. e4 Bg7 3. Nf3 d5 4. exd5 Qxd5 5. Nc3 Qd8 6. Bc4 Nf6 7. Ne5 O-O 8.
Be3 Nbd7 9. Qe2 Nb6 10. Bb3 c6 11. Qd2 Nbd5 12. Nxd5 cxd5 13. Bh6 Ne4 14. Qe3
Qa5+ 15. c3 Nxc3 16. bxc3 Bxh6 17. Qxh6 Qxc3+ 18. Ke2 Qxd4 19. Qe3 Bg4+ 20.
Nxg4 Qxg4+ 21. Kf1 e6 22. h3 Qb4 23. g3 Rfc8 24. Kg2 Rc3 25. Qe5 Rac8 26. Rad1
a5 27. Rd4 Qc5 28. h4 Qc7 29. Qe2 Qc5 30. Rf4 b5 31. h5 g5 32. Rf6 Qd4 33. Rf3
Rxf3 34. Qxf3 a4 35. Bd1 Rc3 36. Qe2 Rd3 37. Rf1 Rd2 38. Qxb5 Rxd1 39. h6 Qe4+
40. Kh2 {ZÜ} 1-0

[Event "Frankfurt Ch 2012"]
[Site "Ffm-Kalbach, LAZ"]
[Date "2012.05.14"]
[Round "3.12"]
[White "Gräbner, Walter"]
[Black "Goreacinic, Dmitri"]
[Result "0-1"]
[WhiteElo "1935"]
[BlackElo "2231"]
[PlyCount "162"]
[EventDate "2012.??.??"]
[WhiteTeam "SC 1961 König Nied"]
[BlackTeam "VSG 1880 Offenbach"]

1. d4 d5 2. c4 Bf5 3. Nc3 e6 4. Nf3 c6 5. e3 Nd7 6. Be2 Bd6 7. O-O Ngf6 8. b3
Ne4 9. Nxe4 Bxe4 10. Nd2 Bg6 11. f4 O-O 12. Nf3 f6 13. g3 Qe7 14. a3 Be4 15.
Bd3 e5 16. Bxe4 dxe4 17. Nh4 g6 18. Qc2 exd4 19. exd4 f5 20. Be3 Nf6 21. Ng2
Bxa3 22. c5 Bb4 23. Qc4+ Nd5 24. Ne1 Bxe1 25. Rfxe1 a6 26. b4 Qf7 27. Qb3 Rad8
28. Red1 Rd7 29. Rac1 Rfd8 30. Rc2 Kg7 31. Kf2 Qe6 32. Qb2 Qf6 33. Rcd2 h6 34.
h4 Kh7 35. Qb3 Qe6 36. Qb2 Nf6 37. Qa2 Rd5 38. Qc4 Ng4+ 39. Ke2 Nh2 40. Rc2 Qf6
41. Qa2 Ng4 42. Rcd2 Qf7 43. Qb3 Nf6 44. Kf2 Ne8 45. Qa2 Nc7 46. Qc4 Ne6 47.
Qc3 Nc7 48. Qc4 Nb5 49. Qb3 R8d7 50. Qc4 Kg8 51. Qb3 Kf8 52. Qb2 Ke8 53. Qb3
Kd8 54. Qb2 Kc8 55. Kg2 Kb8 56. Kf2 Ka8 57. Kg2 Rd8 58. Kf2 Qf6 59. Kg2 Qh8 60.
Qa1 Qg8 61. Qb2 Qe6 62. Kf2 Nc7 63. Qa2 Qe8 64. Qc4 R5d7 65. Qb3 Nd5 66. Ra1
Rh7 67. Rh1 Qe6 68. Qb2 Rdh8 69. Qb3 Rd8 70. Qc4 Nxf4 71. Qxe6 Nxe6 72. b5 axb5
73. Ra1+ Kb8 74. Rda2 g5 75. d5 Rxd5 76. Ra8+ Kc7 77. Re8 Nxc5 78. Raa8 b4 79.
hxg5 hxg5 80. Bxg5 Kb6 81. Be3 b3 0-1

[Event "Frankfurt Ch 2012"]
[Site "Ffm-Kalbach, LAZ"]
[Date "2012.05.14"]
[Round "3.13"]
[White "Minor, Samuel"]
[Black "Czech, Ludwig"]
[Result "1-0"]
[WhiteElo "2177"]
[BlackElo "1961"]
[PlyCount "95"]
[EventDate "2012.??.??"]
[WhiteTeam "Wiesbadener SV 1885"]
[BlackTeam "VSG 1880 Offenbach"]

1. e4 e6 2. d3 d5 3. Qe2 dxe4 4. dxe4 b6 5. Nd2 Ba6 6. Nc4 Nf6 7. Nf3 Be7 8. c3
Bxc4 9. Qxc4 O-O 10. Bf4 c6 11. Rd1 Qc8 12. Bd3 b5 13. Qd4 Rd8 14. Qe3 Nbd7 15.
O-O Nf8 16. Qe2 Ng6 17. Bg5 Qc7 18. g3 e5 19. h4 h6 20. Be3 Nf8 21. Kg2 Rd7 22.
a4 a6 23. Ra1 Rad8 24. Bc2 Ng4 25. Bc1 Ne6 26. b4 c5 27. Bb3 c4 28. Bc2 Nf8 29.
h5 Nf6 30. Nh4 N6h7 31. Nf5 Bf6 32. Qg4 Kh8 33. Ne3 Qc6 34. Nd5 Bg5 35. f4 Rxd5
36. exd5 Qxd5+ 37. Qf3 exf4 38. Qxd5 Rxd5 39. Bxf4 Bf6 40. axb5 axb5 41. Ra8
Rd8 42. Rxd8 Bxd8 43. Ra1 Ne6 44. Ra8 Nhf8 45. Bd6 Kg8 46. Bf5 g6 47. Bxe6 Nxe6
48. Be7 1-0

[Event "Frankfurt Ch 2012"]
[Site "Ffm-Kalbach, LAZ"]
[Date "2012.05.14"]
[Round "3.14"]
[White "Röschlau, Bernd"]
[Black "Mager, Denis"]
[Result "1/2-1/2"]
[WhiteElo "2129"]
[BlackElo "1924"]
[PlyCount "141"]
[EventDate "2012.??.??"]
[WhiteTeam "SC Brett vor'm Kopp Ffm"]
[BlackTeam "SAbt TuS Makkabi Ffm"]

1. e4 c5 2. Nf3 Nc6 3. d4 cxd4 4. Nxd4 e5 5. Nb5 a6 6. Nd6+ Bxd6 7. Qxd6 Qf6 8.
Qd1 Nge7 9. h4 d6 10. Nc3 h5 11. Be3 Qg6 12. Qd2 O-O 13. O-O-O Be6 14. Bb6 Nc8
15. Be3 N8e7 16. g4 Bxg4 17. Be2 f5 18. f3 f4 19. fxg4 fxe3 20. Qxe3 hxg4 21.
h5 Qe6 22. Qg5 Rf4 23. Rhg1 Nd4 24. Bxg4 Qf6 25. Qxf6 Rxf6 26. Ne2 Nxe2+ 27.
Bxe2 Rc8 28. c3 Rd8 29. Rd3 Kh7 30. Rg5 Rg8 31. Rdg3 g6 32. Bc4 Rc8 33. Bb3
Rcf8 34. hxg6+ Rxg6 35. Rxg6 Nxg6 36. Be6 Rf1+ 37. Kc2 Rf2+ 38. Kb3 Nf4 39. Bc8
Rd2 40. Bxb7 Nd3 41. Bxa6 Nc5+ 42. Kc4 Nxa6 43. b4 Nc7 44. Rd3 Rxd3 45. Kxd3
Kg7 46. Kc4 Kf7 47. b5 Ke6 48. b6 Na6 49. Kb5 Nb8 50. a4 d5 51. exd5+ Kxd5 52.
a5 e4 53. a6 Nxa6 54. Kxa6 e3 55. b7 e2 56. b8=Q e1=Q 57. Qd8+ Kc4 58. Qd4+ Kb3
59. Qb4+ Kc2 60. Qa4+ Kb2 61. Qb5+ Kc2 62. c4 Qe6+ 63. Ka5 Qe1+ 64. Ka6 Qe6+
65. Kb7 Qf7+ 66. Kb6 Qf6+ 67. Qc6 Qd8+ 68. Ka6 Qd3 69. Qd5 Qa3+ 70. Kb6 Qb4+
71. Qb5 1/2-1/2

[Event "Frankfurt Ch 2012"]
[Site "Ffm-Kalbach, LAZ"]
[Date "2012.05.14"]
[Round "3.15"]
[White "Partzsch, Lukas"]
[Black "Ottenburg, Ralph"]
[Result "1-0"]
[WhiteElo "2122"]
[BlackElo "1858"]
[PlyCount "83"]
[EventDate "2012.??.??"]
[WhiteTeam "SC Matt im Park Ffm"]
[BlackTeam "Sfr. Frankfurt 1921"]

1. d4 d5 2. c4 e6 3. Nc3 Nf6 4. Bg5 Be7 5. e3 h6 6. Bh4 O-O 7. Nf3 b6 8. cxd5
Nxd5 9. Bxe7 Qxe7 10. Nxd5 exd5 11. Be2 Be6 12. Qa4 c5 13. Qa3 Qb7 14. dxc5
bxc5 15. O-O Nd7 16. Ba6 Qb6 17. b3 Bg4 18. Be2 a5 19. Rfd1 Be6 20. Ne1 a4 21.
bxa4 c4 22. Bf3 Qc6 23. Qc3 Rxa4 24. Nc2 Nf6 25. a3 Rfa8 26. Nb4 Qc5 27. Rd2
Qa5 28. Rda2 Bf5 29. Bd1 Ne4 30. Qe1 c3 31. Bxa4 Qxa4 32. f3 Nd2 33. Nxd5 Nb3
34. Ne7+ Kh8 35. Nxf5 Nxa1 36. Rxa1 Qb5 37. Nd4 Qc5 38. Qc1 Rd8 39. Ra2 Qc4 40.
Rc2 Rxd4 41. exd4 Qxd4+ 42. Kh1 1-0

[Event "Frankfurt Ch 2012"]
[Site "Ffm-Kalbach, LAZ"]
[Date "2012.05.14"]
[Round "3.16"]
[White "Göbel, Andreas"]
[Black "Reschke, Thomas"]
[Result "1/2-1/2"]
[WhiteElo "1895"]
[BlackElo "2118"]
[PlyCount "28"]
[EventDate "2012.??.??"]
[WhiteTeam "SC Brett vor'm Kopp Ffm"]
[BlackTeam "SC Frankfurt-West"]

1. Nf3 g6 2. c4 Bg7 3. Nc3 d6 4. g3 Nd7 5. Bg2 e5 6. d4 Ne7 7. dxe5 dxe5 8. O-O
O-O 9. e3 Nc5 10. b3 Qxd1 11. Rxd1 e4 12. Nd4 Bg4 13. Rd2 Rfe8 14. h3 Bf3
1/2-1/2

[Event "Frankfurt Ch 2012"]
[Site "Ffm-Kalbach, LAZ"]
[Date "2012.05.14"]
[Round "3.17"]
[White "Sandten, Ulrich"]
[Black "Willems, Matthias"]
[Result "1-0"]
[WhiteElo "2095"]
[BlackElo "1862"]
[PlyCount "40"]
[EventDate "2012.??.??"]
[WhiteTeam "SF Vonkeln 1931"]
[BlackTeam "SC Bad Nauheim"]

1. e4 c5 2. Nc3 e6 3. g3 d5 4. Bg2 d4 5. Nb1 d3 6. cxd3 Nc6 7. Ne2 Qxd3 8. O-O
Nf6 9. Nf4 Qd8 10. Nc3 Bd6 11. d3 Be5 12. Be3 b6 13. Nh5 Bb7 14. Nxg7+ Ke7 15.
Nh5 Rg8 16. Nxf6 Bxf6 17. Qh5 Qf8 18. e5 Bxe5 19. Bxc6 Bxc6 20. Qxe5 Rd8 1-0

[Event "Frankfurt Ch 2012"]
[Site "Ffm-Kalbach, LAZ"]
[Date "2012.05.14"]
[Round "3.18"]
[White "Haftmann, Rainer"]
[Black "Kabir, Rezaul"]
[Result "0-1"]
[WhiteElo "1845"]
[BlackElo "2043"]
[PlyCount "88"]
[EventDate "2012.??.??"]
[WhiteTeam "SAbt SG 1945 Dietzenbach"]
[BlackTeam "Sfr. Frankfurt 1921"]

1. e4 c5 2. Nf3 e6 3. d4 cxd4 4. Nxd4 Nc6 5. Nc3 Qc7 6. Be3 a6 7. Be2 Nf6 8.
O-O b5 9. Nxc6 dxc6 10. f4 b4 11. Na4 Nxe4 12. Bf3 Nf6 13. Bb6 Qd6 14. Bxc6+
Bd7 15. Qxd6 Bxd6 16. Bxa8 Bxa4 17. b3 Bb5 18. Rfd1 Be7 19. Bf3 O-O 20. Rd2 Nd7
21. Ba7 Rc8 22. Rad1 Nf8 23. Bd4 a5 24. Be2 Be8 25. Bc4 Ng6 26. g3 h5 27. Bd3
Nf8 28. Be4 Bc6 29. Bxc6 Rxc6 30. Kg2 Ng6 31. Bb2 h4 32. Rc1 hxg3 33. hxg3 e5
34. f5 Bg5 35. Rcd1 Bxd2 36. fxg6 Rxc2 37. Bxe5 fxg6 38. Kf3 Rxa2 39. Ke4 Bg5
40. Kd3 Bf6 41. Bf4 g5 42. Bd6 a4 43. bxa4 b3 44. Rb1 b2 0-1

[Event "Frankfurt Ch 2012"]
[Site "Ffm-Kalbach, LAZ"]
[Date "2012.05.14"]
[Round "3.19"]
[White "Krüger, Till"]
[Black "Rosa, Mike"]
[Result "0-1"]
[WhiteElo "1857"]
[BlackElo "2041"]
[PlyCount "98"]
[EventDate "2012.??.??"]
[WhiteTeam "SC Nidderau"]
[BlackTeam "SC 1961 König Nied"]

1. e4 c5 2. Nf3 e6 3. d4 cxd4 4. Nxd4 a6 5. Bd3 Qc7 6. Qe2 Nf6 7. O-O Bc5 8.
Nb3 Ba7 9. Be3 Bxe3 10. Qxe3 Nc6 11. Nc3 Ne5 12. f4 Nc4 13. Bxc4 Qxc4 14. e5
Nd5 15. Nxd5 Qxd5 16. Rfd1 Qc6 17. c3 b5 18. Rd6 Qc7 19. Rad1 O-O 20. Qc5 Qb7
21. R1d4 f6 22. Rb6 Qa7 23. Qd6 fxe5 24. fxe5 Rf5 25. Nc5 Rxe5 26. Nd3 Rf5 27.
g4 Rf8 28. Ne5 h6 29. b3 a5 30. c4 a4 31. b4 a3 32. c5 Qa4 33. Nxd7 Bxd7 34.
Qxd7 Rf7 35. Qxe6 Qc2 36. Qe1 Raf8 37. Rbd6 Rf1+ 38. Qxf1 Rxf1+ 39. Kxf1 Qxa2
40. c6 Qa1+ 41. Ke2 Qc3 42. Rd3 Qc2+ 43. Ke3 a2 44. Rd2 Qc3+ 45. R6d3 Qe5+ 46.
Kf3 a1=Q 47. Kg2 Qe4+ 48. Rf3 Qxg4+ 49. Kf2 Qag1+ 0-1

[Event "Frankfurt Ch 2012"]
[Site "Ffm-Kalbach, LAZ"]
[Date "2012.05.14"]
[Round "3.21"]
[White "Meiser, Nicolas"]
[Black "Penzel, Nils"]
[Result "0-1"]
[WhiteElo "1839"]
[BlackElo "2007"]
[PlyCount "118"]
[EventDate "2012.??.??"]
[WhiteTeam "SV Lahn Limburg"]
[BlackTeam "SSg Rödermark/Eppertshausen"]

1. d4 Nf6 2. Nf3 g6 3. e3 Bg7 4. b3 O-O 5. Bb2 c5 6. Nbd2 d5 7. c3 Qc7 8. Bd3
Bf5 9. Bxf5 gxf5 10. g3 Ne4 11. Rc1 Nc6 12. Qc2 cxd4 13. cxd4 Qa5 14. a3 Qa6
15. b4 Rfc8 16. Qb3 Qb5 17. Nxe4 fxe4 18. Rc5 Qb6 19. Nd2 e6 20. O-O Bf8 21.
Rc3 a5 22. bxa5 Qxb3 23. Nxb3 Rcb8 24. Rb1 Bd6 25. Bc1 Kf8 26. f3 exf3 27. Kf2
Ke7 28. Kxf3 f5 29. a6 Rxa6 30. Nc5 Bxc5 31. Rxc5 Kd7 32. Rcb5 b6 33. g4 fxg4+
34. Kxg4 Na5 35. Kf3 Nc4 36. R5b3 Rf8+ 37. Ke2 Rg8 38. e4 dxe4 39. Rb4 Rg2+ 40.
Kf1 Rc2 41. Bf4 Rxa3 42. Rc1 Rac3 43. Rxc2 Rxc2 44. Ra4 e3 45. Ra7+ Kc6 46.
Rxh7 Kd5 47. Bg3 Nb2 48. Rd7+ Ke4 49. Re7 e2+ 50. Kg1 Rc1+ 51. Kg2 Kf5 52. d5
e1=Q 53. Bxe1 Rxe1 54. dxe6 Rxe6 55. Rd7 Nc4 56. h4 Rg6+ 57. Kh3 Ne5 58. Rb7
Kf4 59. Rb8 Rg3+ 0-1

[Event "Frankfurt Ch 2012"]
[Site "Ffm-Kalbach, LAZ"]
[Date "2012.05.14"]
[Round "3.23"]
[White "Hierling, Stefan"]
[Black "Nagel, Norbert"]
[Result "1/2-1/2"]
[WhiteElo "1954"]
[BlackElo "1779"]
[PlyCount "103"]
[EventDate "2012.??.??"]
[WhiteTeam "VSG 1880 Offenbach"]
[BlackTeam "SC Bad Nauheim"]

1. e4 e5 2. Nf3 Nf6 3. Nc3 Bb4 4. d3 d6 5. h3 h6 6. Be2 Be6 7. Bd2 c6 8. a3 Ba5
9. O-O Nbd7 10. b4 Bc7 11. d4 Nb6 12. dxe5 dxe5 13. Be3 Nfd7 14. Nd2 Qe7 15.
Qb1 a5 16. bxa5 Rxa5 17. Qb4 Ra8 18. Qb2 O-O 19. a4 Rfb8 20. Rfb1 f6 21. Qc1
Nc5 22. Qa3 Nbd7 23. Nb3 Bd6 24. Qb2 Nb6 25. Nxc5 Bxc5 26. Bxc5 Qxc5 27. Qb4
Nd7 28. Rb2 Ra5 29. Nd1 Qxb4 30. Rxb4 Nc5 31. Bc4 Kf7 32. Nc3 Bxc4 33. Rxc4 Ke6
34. Kf1 Rd8 35. Rb1 Rd4 36. Rbb4 Rd2 37. Nb1 Rd1+ 38. Ke2 Rg1 39. Kf3 Rxa4 40.
Rxa4 Nxa4 41. Nd2 Ra1 42. Nb3 b5 43. Rxc6+ Kd7 44. Rxf6 gxf6 45. Nxa1 Nc5 46.
Ke3 b4 47. g3 Kc6 48. f4 Kb5 49. Nb3 Ne6 50. Nd2 Ka4 51. fxe5 fxe5 52. Nc4 {
Rest unklar!} 1/2-1/2

[Event "Frankfurt Ch 2012"]
[Site "Ffm-Kalbach, LAZ"]
[Date "2012.05.14"]
[Round "3.24"]
[White "Kraus, Eduard"]
[Black "Kuhn, Gerhard"]
[Result "0-1"]
[WhiteElo "1764"]
[BlackElo "1949"]
[PlyCount "26"]
[EventDate "2012.??.??"]
[WhiteTeam "SV Bergwinkel"]
[BlackTeam "SK Marburg 1931/72"]

1. Nf3 Nf6 2. c4 g6 3. g3 Bg7 4. Nc3 d5 5. d4 O-O 6. Qb3 dxc4 7. Qxc4 Nc6 8. a3
Bg4 9. d5 Bxf3 10. exf3 Ne5 11. Qe2 Nxd5 12. Nxd5 Qxd5 13. Bg2 Nd3+ 0-1

[Event "Frankfurt Ch 2012"]
[Site "Ffm-Kalbach, LAZ"]
[Date "2012.05.14"]
[Round "3.25"]
[White "Cors, Heinz-Friedrich"]
[Black "Kulenovic, Adnan"]
[Result "1/2-1/2"]
[WhiteElo "1762"]
[BlackElo "1949"]
[PlyCount "71"]
[EventDate "2012.??.??"]
[WhiteTeam "SV Schachforum Darmstadt 1994"]
[BlackTeam "SK Springer Rodenbach"]

1. e4 e5 2. Bc4 f5 3. d3 Nf6 4. Nc3 Bb4 5. Bd2 Nc6 6. a3 Bxc3 7. Bxc3 Qe7 8. f3
d6 9. Ne2 f4 10. d4 g5 11. Qd2 Bd7 12. O-O-O a6 13. Rhe1 Na7 14. dxe5 dxe5 15.
Bb4 c5 16. Bc3 Bb5 17. Bd5 O-O-O 18. Ba5 Rd7 19. Bb6 Kb8 20. Qc3 Rc8 21. Qa5
Bxe2 22. Bxa7+ Kxa7 23. Rxe2 c4 24. c3 Rc5 25. Qb4 a5 26. Qa4 Qd8 27. Red2 b5
28. Qc2 Nxd5 29. Rxd5 Rcxd5 30. Rxd5 Rxd5 31. exd5 Qe7 32. d6 Qxd6 33. Qxh7+
Kb6 34. Qf5 Qc5 35. Qxg5 Qe3+ 36. Kb1 1/2-1/2

[Event "Frankfurt Ch 2012"]
[Site "Ffm-Kalbach, LAZ"]
[Date "2012.05.14"]
[Round "3.26"]
[White "Tierling, Detlef"]
[Black "Schneider, Marco"]
[Result "1-0"]
[WhiteElo "1942"]
[BlackElo "1750"]
[PlyCount "55"]
[EventDate "2012.??.??"]
[WhiteTeam "SC Groß-Umstadt"]
[BlackTeam "SC Nidderau"]

1. Nf3 d6 2. d4 g6 3. e4 Bg7 4. Bf4 c5 5. c3 cxd4 6. cxd4 Nf6 7. Nc3 O-O 8. Qd2
a6 9. Be2 b5 10. a3 Bb7 11. d5 Nbd7 12. Bd3 Nc5 13. Bc2 Rc8 14. Nd4 e5 15. dxe6
fxe6 16. Bg5 Bxe4 17. O-O Bxc2 18. Qxc2 e5 19. Nf3 Qe8 20. Rad1 Qc6 21. Bxf6
Bxf6 22. Nd5 Ne6 23. Qe4 Qc4 24. Nxf6+ Rxf6 25. Qxc4 Rxc4 26. Rxd6 Kg7 27. Nxe5
Nc5 28. Nxc4 1-0

[Event "Frankfurt Ch 2012"]
[Site "Ffm-Kalbach, LAZ"]
[Date "2012.05.14"]
[Round "3.27"]
[White "Rolf, Marco"]
[Black "Rutsatz, Mario"]
[Result "1/2-1/2"]
[WhiteElo "1737"]
[BlackElo "1939"]
[PlyCount "42"]
[EventDate "2012.??.??"]
[WhiteTeam "SK Bad Homburg 1927"]
[BlackTeam "Sfr. Frankfurt 1921"]

1. d4 Nf6 2. c4 g6 3. Nc3 d5 4. cxd5 Nxd5 5. Nf3 Bg7 6. e4 Nxc3 7. bxc3 O-O 8.
Be2 c5 9. O-O Bg4 10. Be3 Nc6 11. d5 Bxf3 12. Bxf3 Ne5 13. Bxc5 Qc7 14. Bd4
Nxf3+ 15. Qxf3 e5 16. dxe6 fxe6 17. Qh3 e5 18. Qe6+ Kh8 19. Be3 Qxc3 20. Rac1
Qa5 21. Rc5 Qd8 1/2-1/2